Works of Renaissance Writers - Statistics

General Stats
  • This quiz has been taken 19 times
  • The average score is 6 of 29
Answer Stats
Authors Answer % Correct
Thomas Hobbes Leviathan
75%
Edmund Spenser The Faerie Queen
63%
Doctor Faustus
50%
Duchess of Malfi
38%
Edward II
25%
Jew of Malta
25%
Francis Bacon Novum Organum
25%
Thomas Kyd The Spanish Tragedy
25%
John Webster The White Devil
25%
Alchemist
13%
Amoretti
13%
An Apology for Poetry
13%
Astrophel
13%
Philip Sidney Astrophel and Stella
13%
Devil's Law Case
13%
Epithalamion
13%
Euphues and His England
13%
John Lyly Euphues, The Anatomy of Wit
13%
Ben Jonson Every Man in his Humour
13%
Every Man Out of his Humour
13%
New Atlantis
13%
Prothalamion
13%
Christopher Marlowe Tamburlaine the Great
13%
The Shepheardes Calender
13%
Tragedy of Dido, Queen of Carthage
13%
Volpone or the Fox
13%
Bartholomew Fair
0%
Endymion
0%
Epicaene or the Silent Women
0%
No matching quizzes found
Score Distribution
Percent of People with Each Score
Percentile by Number Answered
Your Score History
You have not taken this quiz